The palace / Christopher Reich.
Available copies
- 3 of 3 copies available at LARL/NWRL Consortium.
- 2 of 2 copies available at Lake Agassiz Regional Library. (Show preferred library)
Current holds
0 current holds with 3 total copies.
Show Only Available Copies
| Location | Call Number / Copy Notes | Barcode | Shelving Location | Status | Due Date |
|---|---|---|---|---|---|
| Detroit Lakes Public Library | REI (Text) | 33500013270202 | Main | Available | - |
| Mahnomen Public Library | REI (Text) | 33500013270194 | Main | Available | - |
| Warroad Public Library | REI (Text) | 35500006294944 | Main | Available | - |
Record details
- ISBN: 9780316456012
- ISBN: 0316456012
- Physical Description: 405 pages ; 25 cm.
- Edition: First edition.
- Publisher: New York : Mulholland Books, Little, Brown and Company, 2020.
- Copyright: ©2020
Content descriptions
| Summary, etc.: | When a man to whom he owes his life reaches out ... Read More |
Search for related items by subject
| Subject: | Organized crime > Fiction. Conspiracies > Fiction. |
| Genre: | Spy fiction. Thrillers (Fiction) |
Search for related items by series
| LDR | 01374cam a2200361Ii 4500 | ||
|---|---|---|---|
| 001 | 343874 | ||
| 003 | LARL_NWRL_CONSORTIUM | ||
| 005 | 20200730155805.0 | ||
| 008 | 200723s2020 nyu e 000 1 eng d | ||
| 040 | . | ‡aIEP ‡beng ‡cIEP ‡erda ‡dFM0 ‡dOI6 | |
| 020 | . | ‡a9780316456012 ‡q(hardcover) | |
| 020 | . | ‡a0316456012 ‡q(hardcover) | |
| 035 | . | ‡a(OCoLC)1176460012 | |
| 082 | 0 | 4. | ‡a813/.54 ‡223 |
| 100 | 1 | . | ‡aReich, Christopher, ‡d1961- ‡eauthor. ‡0(LARL_NWRL_CONSORTIUM)124791 |
| 245 | 1 | 4. | ‡aThe palace / ‡cChristopher Reich. |
| 250 | . | ‡aFirst edition. | |
| 264 | 1. | ‡aNew York : ‡bMulholland Books, Little, Brown and Company, ‡c2020. | |
| 264 | 4. | ‡c©2020 | |
| 300 | . | ‡a405 pages ; ‡c25 cm. | |
| 336 | . | ‡atext ‡btxt ‡2rdacontent | |
| 337 | . | ‡aunmediated ‡bn ‡2rdamedia | |
| 338 | . | ‡avolume ‡bnc ‡2rdacarrier | |
| 490 | 0 | . | ‡aSimon Riske ; ‡v3 |
| 520 | . | ‡aWhen a man to whom he owes his life reaches out from prison, international spy Simon Riske recruits a daring investigative reporter and a rogue Mossad agent to thwart an international conspiracy targeting major European cities. | |
| 650 | 0. | ‡aOrganized crime ‡vFiction. ‡0(LARL_NWRL_CONSORTIUM)166507 | |
| 650 | 0. | ‡aConspiracies ‡vFiction. ‡0(LARL_NWRL_CONSORTIUM)164235 | |
| 655 | 7. | ‡aSpy fiction. ‡2lcgft | |
| 655 | 7. | ‡aThrillers (Fiction) ‡2lcgft | |
| 901 | . | ‡a343874 ‡bOCoLC ‡c343874 ‡tbiblio ‡soclc | |

Add to basket
Permalink
Enable Highlighting